Pokémon aux meilleures priorités - Statistiques

Statistiques générales
  • Ce quiz a été pris 254 fois
    179 depuis la dernière actualisation
  • Le résultat moyen est 31 sur 89
Statistiques - réponses
Attaque Pokémon Talent Dégâts (%) % Correct
Sheauriken Sachanobi Synergie 36,9 - 43,1
83%
Escarmouche Sarmuraï 46 - 54,5
83%
Sheauriken Amphinobi 14 - 41
80%
Gliss'Herbe Gorythmic Créa-Herbe 46,9 - 55,4
80%
Rapace Flambusard Ailes Bourrasque 46 - 54,5
77%
Acrobatie Flambusard Ailes Bourrasque 42,2 - 50,1
77%
Double Volée Flambusard Ailes Bourrasque 30,4 - 36,9
77%
Vitesse Extrême Arceus 39,5 - 46,9
75%
Vitesse Extrême Arceus (Autres Types) 26,3 - 31,3
75%
Coup Bas Scalpereur Général Suprême 57,1 - 67,1
75%
Pisto-Poing Cizayox Technicien 31,9 - 37,8
73%
Poing Sonique Superdofin (Super) Supermutation 37,2 - 43,9
72%
Vitesse Extrême Dracolosse 28,7 - 34
71%
Vif Rock Lougaroc (Crépuscule) Griffe Dure 25,5 - 30,2
70%
Escarmouche Gambex 39,8 - 47,5
68%
Coup Bas Gambex 31 - 36,9
68%
Coup Bas Scalproie 36 - 42,5
67%
Pisto-Poing Méga-Lucario Adaptibilité 30,4 - 36,3
58%
Vitesse Extrême Méga-Lucario 30,4 - 36
58%
Onde vide Méga-Lucario Adaptibilité 29,9 - 35,7
58%
Pisto-Poing Méga-Cizayox Technicien 35,1 - 41,6
55%
Pisto-Poing Méga-Métalosse Griffe Dure 29,9 - 35,4
52%
Coup Bas Méga-Mysdibule Coloforce 42,2 - 49,8
52%
Vitesse Extrême Rayquaza 31,3 - 36,9
52%
Vitesse Extrême Méga-Rayquaza 36 - 42,5
48%
Coup Bas Yveltal Aura Ténébreuse 49,5 - 58,3
48%
Coup Bas Méga-Branette 29,6 - 34,8
44%
Ombre Portée Méga-Branette 25,5 - 30,2
44%
Coup Bas Méga-Absol 41,3 - 48,6
40%
Ombre Portée Marshadow Technicien 30,7 - 36,3
39%
Coup Bas Absol 37,2 - 43,9
38%
Coup Bas Méga-Kangourex Amour Filial 29,9 - 35,4
37%
Bluff Méga-Kangourex Amour Filial 25,2 - 30,7
37%
Coup Bas Shifours (Style Poing Final) 37,2 - 43,9
37%
Mach Punch Chapignon Technicien 31,9 - 37,8
36%
Coup Bas Baojian Épée du Fléau 46,6 - 54,8
35%
Éclats Glace Baojian Épée du Fléau 26,6 - 31,6
35%
Mach Punch Bétochef Poing de Fer 27,2 - 31,9
35%
Coup Bas Darkrai 29 - 34,3
32%
Vive Attaque Méga-Scarabrute Peau Céleste 29 - 34,3
31%
Vitesse Extrême Linéon 28,1 - 33,4
30%
Escarmouche Fermite Agitation 62,7 - 74,1
28%
Coup Bas Corboss 36 - 42,5
27%
Vitesse Extrême Entei 25,8 - 30,4
27%
Vitesse Extrême Genesect 26,3 - 31,3
27%
Vitesse Extrême Deoxys 31,3 - 36,9
26%
Vitesse Extrême Deoxys (Attaque) 36 - 42,5
26%
Escarmouche Tranchodon 34,8 - 41
26%
Aqua-Jet Colhomard Adaptibilité 26,3 - 31,6
25%
Coup Bas Méga-Ténéfix 27,5 - 32,8
24%
Coup Bas Miascarade 32,8 - 39
24%
Coup Bas Scalpion 27,5 - 32,8
24%
Coup Bas Méga-Démolosse 29 - 34,3
23%
Coup Bas Pyrobut Libéro 34,3 - 40,4
23%
Coup Bas Cacturne 33,7 - 39,8
22%
Bluff Capidextre Technicien 26,6 - 31,6
22%
Escarmouche Palarticho 32,5 - 38,4
22%
Coup Bas Angoliath 34,6 - 41,3
20%
Coup Bas Grahyèna 29 - 34,3
19%
Escarmouche Hexadron 26,3 - 31,3
19%
Coup Bas Léopardus 28,4 - 33,7
19%
Coup Bas Tengalice 30,7 - 36,3
19%
Coup Bas Clamiral de Hisui 32,5 - 38,7
17%
Coup Bas Démolosse 29 - 34,3
17%
Escarmouche Libégon 26,3 - 31,3
17%
Coup Bas Spiritomb 29,3 - 34,6
17%
Coup Bas Ténéfix 25,8 - 30,7
17%
Coup Bas Zoroark 31,9 - 37,8
17%
Gliss'Herbe Badabouin Créa-Herbe 36 - 42,5
16%
Coup Bas Monaflèmit 28,7 - 34
16%
Coup Bas Moufflair 29,3 - 34,6
16%
Escarmouche Filentrappe 34,3 - 40,4
14%
Vive Attaque Zacian Lame Indomptable 26,3 - 31,3
14%
Vive Attaque Zacian (Épée Suprême) Lame Indomptable 31,3 - 36,9
14%
Coup Bas Rattatac Agitation 26,9 - 31,9
13%
Coup Bas Rattatac d'Alola Agitation 37,2 - 43,9
13%
Coup Bas Rattata d'Alola Agitation 32,5 - 38,7
13%
Coup Bas Fongus-Furie Paléosynthèse 46,9 - 55,7
11%
Mach Punch Kapoera Technicien 25,5 - 30,2
11%
Gliss'Herbe Ouistempo Créa-Herbe 30,7 - 36,3
10%
Coup Bas Cornèbre 27,5 - 32,8
9%
Aqua-Jet Paragruel Adaptabilité 25,8 - 30,4
8%
Coup Bas Sulfura de Galar 27,5 - 32,8
8%
Escarmouche Incisache 29,6 - 34,8
6%
Coup Bas Lestombaile 31,6 - 37,2
5%
Escarmouche Kraknoix 26,3 - 31,3
4%
Coup Bas Lapyro Libéro 28,1 - 33,4
3%
Coup Bas Pomdrapi Agitation 32,8 - 38,7
3%
Coup Bas Kecleon Protéen 29 - 34,3
1%
Aucun quiz correspondant
Distribution des résultats
% des personnes avec chaque résultat
Percentile par nombre de réponses
Votre historique - résultats
Vous n’avez pas pris ce quiz depuis la dernière actualisation